| 000 | 00551nam a2200181 a 4500 | ||
|---|---|---|---|
| 001 | 571 | ||
| 003 | CDMR | ||
| 005 | 20131126101545.0 | ||
| 008 | 130130s1968||||||||||||||||||||||||||||d | ||
| 040 |
_aCDMR _bcat _cCDMR |
||
| 100 | 1 |
_aRivero Ysern, Enrique _9422 |
|
| 245 | 1 | 0 |
_aConsideraciones en torno a la radiodifusión en el derecho español _cEnrique Rivero Ysern |
| 260 |
_aSevilla _c1968 _bUniversidad de Sevilla |
||
| 300 |
_a158 p ; _c20 cm |
||
| 650 | 0 | 4 |
_91720 _aRadiodifusió _zEspanya |
| 650 | 0 | 4 |
_94386 _aRàdio _xDret i legislació |
| 942 |
_cMON _2udc |
||
| 999 |
_c571 _d571 |
||